00618nam a2200181Ia 4500952012900000999001700129003000400146005001700150008004100167040000900208082001800217100003000235245006000265260004900325300000800374650001200382942004200394 00102ddc40708NFICaMESbMEScMALd2019-02-20g60.00l0o954.83 MUL/Kp33803r2019-02-20 00:00:00w2019-02-20yBKzGR17R3 c29490d29490OSt20210101114108.0190216s9999||||xx |||||||||||||| ||und|| coclc a954.83bMUL/K aMulamthuruthi, Saji98068 0aKerala Padangal Kerala Padanangal /cSaji Mulamthuruthi bCentre For Social Studies,aThrissur:c2008. a91p aPadanam cBK2ddch954.83iMUL/Kk954.83mMUL/K